<?xml version="1.0" encoding="UTF-8"?>
<marc:record xmlns:marc="http://www.loc.gov/MARC21/slim">
   <marc:leader>00000nam a2200000 a 4500</marc:leader>
   <marc:datafield ind1="1" ind2=" " tag="100">
      <marc:subfield code="a">Klass, David</marc:subfield>
      <marc:subfield code="4">aut</marc:subfield>
      <marc:subfield code="e">Verfasser/-in</marc:subfield>
   </marc:datafield>
   <marc:datafield ind1=" " ind2=" " tag="653">
      <marc:subfield code="a">Verbrechen</marc:subfield>
   </marc:datafield>
   <marc:datafield ind1=" " ind2=" " tag="653">
      <marc:subfield code="a">Kriminalität</marc:subfield>
   </marc:datafield>
   <marc:datafield ind1=" " ind2=" " tag="653">
      <marc:subfield code="a">Jugendbuch</marc:subfield>
   </marc:datafield>
   <marc:datafield ind1="0" ind2="0" tag="245">
      <marc:subfield code="a">Wenn er kommt, dann laufen wir</marc:subfield>
   </marc:datafield>
   <marc:datafield ind1="0" ind2="0" tag="245">
      <marc:subfield code="c">David Klass</marc:subfield>
   </marc:datafield>
   <marc:datafield ind1=" " ind2="1" tag="264">
      <marc:subfield code="a">Würzburg</marc:subfield>
      <marc:subfield code="b">Arena</marc:subfield>
      <marc:subfield code="c">2006</marc:subfield>
   </marc:datafield>
   <marc:datafield ind1=" " ind2=" " tag="250">
      <marc:subfield code="a">3. Aufl.</marc:subfield>
   </marc:datafield>
   <marc:datafield ind1="1" ind2=" " tag="520">
      <marc:subfield code="a">Fünfeinhalb Jahre lang haben Jeff und seine Eltern sich in dem ruhigen kleinen Küstenstädtchen mühsam ein neues Leben aufgebaut - fünfeinhalb Jahre, die Jeffs Bruder Troy im Gefängnis verbracht hat. Jetzt taucht er wieder auf, ein begnadigter Mörder, dem die Eltern eine zweite Chance geben wollen. Nur Jeff glaubt keine Sekunde an den bekehrten Sünder. Ein einziger beunruhigender Blick in die Augen des verhassten Bruders sagt ihm, dass es nur eine Frage der Zeit sein kann, bis Troy erneut etwas Furchtbares tun wird - etwas, das sie alle endgültig vernichten würde. Mit wachsender Verzweiflung sieht Jeff zu, wie das dunkle Geheimnis ihn von Eltern und Freunden isoliert, während sich Troy Zug um Zug ihr Vertrauen erschleicht ... Dann verschwindet ein Mitschüler unter gewaltsamen Umständen und der Alptraum von einst kehrt zurück: die Verdächtigungen in der Nachbarschaft, das Spießrutenlaufen in der Schule, tätliche Angriffe auf die Familie. Und die schreckliche Gewissheit darüber, was Troy getan hat - und was noch kommen wird! Jeff beschließt, dem Bösen ein Ende zu machen ...</marc:subfield>
   </marc:datafield>
   <marc:datafield ind1=" " ind2=" " tag="020">
      <marc:subfield code="a">3401058983</marc:subfield>
      <marc:subfield code="9">3401058983</marc:subfield>
   </marc:datafield>
   <marc:datafield ind1=" " ind2=" " tag="500">
      <marc:subfield code="a">Aus dem Amerikan. übers.</marc:subfield>
   </marc:datafield>
   <marc:datafield ind1="0" ind2=" " tag="490">
      <marc:subfield code="v">0</marc:subfield>
   </marc:datafield>
   <marc:datafield ind1=" " ind2=" " tag="300">
      <marc:subfield code="a">325 S.</marc:subfield>
   </marc:datafield>
</marc:record>
